Snowshoe Thompson / (Record no. 4862)

MARC details
000 -LEADER
fixed length control field 00997nam a22003017a 4500
001 - CONTROL NUMBER
control field 4862
003 - CONTROL NUMBER IDENTIFIER
control field FISKH
005 - DATE AND TIME OF LATEST TRANSACTION
control field 20241204153338.0
008 - FIXED-LENGTH DATA ELEMENTS--GENERAL INFORMATION
fixed length control field 241021b cb ||||| |||| 00| 0 eng d
020 ## - INTERNATIONAL STANDARD BOOK NUMBER
International Standard Book Number 9780064442060
040 ## - CATALOGING SOURCE
Original cataloging agency FISKH
Language of cataloging eng
Transcribing agency FISKH
Modifying agency FISKH
050 ## - LIBRARY OF CONGRESS CALL NUMBER
Classification number F868.S5
082 ## - DEWEY DECIMAL CLASSIFICATION NUMBER
Classification number 979.4404092
100 ## - MAIN ENTRY--PERSONAL NAME
Personal name Levinson, Smiler
Dates associated with a name (1938-)
245 ## - TITLE STATEMENT
Title Snowshoe Thompson /
Statement of responsibility, etc. Nancy Smiler Levinson Pictures by Joan Sandin
250 ## - EDITION STATEMENT
Edition statement First edition in 1996
260 ## - PUBLICATION, DISTRIBUTION, ETC.
Place of publication, distribution, etc. New York :
Name of publisher, distributor, etc. Harper Trophy,
Date of publication, distribution, etc. 1996.
300 ## - PHYSICAL DESCRIPTION
Extent 64 pages :
Other physical details color illustrations ;
Dimensions 22 cm
505 ## - FORMATTED CONTENTS NOTE
Formatted contents note J<br/>
520 ## - SUMMARY, ETC.
Summary, etc. One winter John Thompson skis across the Sierra Nevada Mountains and creates a path upon which mail and people may travel, thus earning his nickname "Snowshoe Thompson."
521 8# - TARGET AUDIENCE NOTE
Target audience note 500L<br/>
Source Lexile<br/>
521 8# - TARGET AUDIENCE NOTE
Target audience note L<br/>
Source Raz-Plus<br/>
650 ## - SUBJECT ADDED ENTRY--TOPICAL TERM
Source of heading or term Fiction
Topical term or geographic name entry element Biography
650 ## - SUBJECT ADDED ENTRY--TOPICAL TERM
Source of heading or term Winter
Topical term or geographic name entry element Picture book
700 ## - ADDED ENTRY--PERSONAL NAME
Personal name Sandin, Joan
Dates associated with a name Illustrator
942 ## - ADDED ENTRY ELEMENTS (KOHA)
Source of classification or shelving scheme Dewey Decimal Classification
Koha item type Books
Suppress in OPAC No
Holdings
Withdrawn status Lost status Source of classification or shelving scheme Damaged status Not for loan Collection Home library Current library Shelving location Date acquired Total Checkouts Full call number Barcode Date last seen Copy number Price effective from Koha item type
    Dewey Decimal Classification     Fiction Footprints International School Library Network Toul Kork Campus Footprints International School Library Network Toul Kork Campus TK Primary Library Room(4th Floor), Bookcase 3&4, Shelves 17-32, Yellow Books 10/21/2024   LEV 979.4404092 F868.S5 2024-2173 10/21/2024 1 10/21/2024 Books